000 00565nam a2200229Ia 4500
003 OSt
005 20221005124402.0
006 a|||||r|||| 00| 0
007 ta
008 221004b |||||||| |||| 00| 0 kan d
024 _a62160
037 _cTextual
040 _aCRL
_cCRL
_bkan
041 _2kan
_akan
082 _aO33,2NAC,1, J8
100 _aAcharya R.V.
_9635133
245 0 _aMudukan Maduve
260 _c1958
650 _aKANNAD LITERATURE
942 _hO33,2NAC,1, J8
_cTEXL
_2cc
999 _c1050304
_d1050304